000
00302nam a22001337a 4500
008
170529b xxu||||| |||| 00| 0 eng d
020
_a
0881321257
041
_a
eng
080
_2
_a
94(7/8)
100
_a
16
101
_a
SHH
245
_a
LATIN AMERICAN ADJUSTMENT
_c
WILLIAMSON,J
942
_2
udc
_c
BK
999
_c
14955
_d
14955